WWE Royal Rumble Last Eliminated - Statistics

General Stats
  • This quiz has been taken 246 times
  • The average score is 27 of 38
Answer Stats
Hint Answer % Correct
2021 mens Randy Orton
94%
2006 Randy Orton
94%
2009 Triple H
91%
2008 Triple H
91%
2010 John Cena
90%
2005 John Cena
90%
2020 mens Roman Reigns
90%
2018 mens Roman Reigns
90%
2017 Roman Reigns
90%
2014 Roman Reigns
90%
2007 Shawn Michaels
87%
1994 Shawn Michaels
87%
2000 Big Show
83%
2016 Dean Ambrose
82%
1999 Steve Austin
82%
2019 womens Charlotte Flair
81%
1998 The Rock
78%
2003 Undertaker
78%
2001 Kane
77%
2012 Chris Jericho
76%
2011 Santino Marella
72%
1997 Bret Hart
71%
2015 Rusev
70%
2019 mens Braun Strowman
67%
2002 Kurt Angle
67%
2021 womens Rhea Ripley
66%
2013 Ryback
66%
1993 Randy Savage
60%
2018 womens Nikki Bella
59%
1996 Diesel
53%
1992 Sid
50%
2020 womens Shayna Baszler
44%
1988 One Man Gang
39%
1989 Ted DiBiase
39%
1990 Mr. Perfect
38%
1995 British Bulldog
37%
1991 Earthquake
29%
2004 Spike Dudley
2%
No matching quizzes found
Score Distribution
Percent of People with Each Score
Percentile by Number Answered
Your Score History
You have not taken this quiz